Para qué me educo: guía del estudiante secundario
Salvato in:
| Autore principale: | |
|---|---|
| Natura: | Libro |
| Lingua: | spagnolo |
| Pubblicazione: |
Santiago
R. Quevedo O
1942
|
| Soggetti: | |
| Tags: |
Aggiungi Tag
Nessun Tag, puoi essere il primo ad aggiungerne!!
|
MARC
| LEADER | 00000nam a2200000 a 4500 | ||
|---|---|---|---|
| 001 | UCZ7328 | ||
| 003 | CL-VaPUC | ||
| 008 | 951228e19420000CL |||||||||||||||||spa|d | ||
| 082 | 0 | 4 | |a 373.011 |b SAL |2 21 |
| 100 | 0 | |a Salas Silva, Enrique |e author |9 352135 | |
| 245 | 1 | 0 | |a Para qué me educo: guía del estudiante secundario |
| 300 | |a 218 p | ||
| 942 | |c BK | ||
| 945 | |d 19951228 00:00:00 |a cmena | ||
| 260 | |a Santiago |b R. Quevedo O |c 1942 | ||
| 650 | 0 | |a Liceos |9 351223 | |
| 650 | 0 | |a Actitud en el trabajo |9 334791 | |
| 650 | 0 | |a Alumnos |9 335074 | |
| 650 | 0 | |a Aprendizaje |9 254827 | |
| 650 | 0 | |a Currículo |9 307290 | |
| 650 | 7 | |a NIVELES DE ENSEÑANZA |2 CL-VaPUC |9 334999 | |
| 583 | |a last modification |c 19951228 00:00:00 |k Rodrigo Vera | ||
| 999 | |c 243421 |d 243419 | ||
| 952 | |0 0 |1 0 |4 0 |6 373_011000000000000_SAL_1942 |7 0 |8 P |9 257034 |a BIBEDU |b BIBEDU |c BIBEDU_PB |d 2019-11-19 |i 1612506 |o 373.011 SAL 1942 |p 1612506 |r 2024-01-25 |w 2019-11-19 |y BK |k EDU | ||